Žodynas ir pokalbiai ; lietuviu̜-vokiečiu̜ kalbomis
| Titel: | Žodynas ir pokalbiai ; lietuviu̜-vokiečiu̜ kalbomis / [Laima Andrikytė ; Elvyra Marcijonienė ; Sigitas Plaušinaitis] |
|---|---|
| Verfasser: | ; ; |
| Veröffentlicht: | Vilnius : Knygu̜ Spektras, 2002 |
| Umfang: | 385 Seiten ; 17 cm |
| Format: | Buch |
| Sprache: | Deutsch; Litauisch |
| ISBN: | 9955439114 |
| Hinweise zum Inhalt: |
Inhaltsverzeichnis
|
alg: 11423986 001A $06000:09-10-03 001B $01999:12-12-24 $t16:16:33.000 001D $03004:13-10-03 001U $0utf8 001X $00 002@ $0Aau 002C $aText $btxt $2rdacontent 002D $aohne Hilfsmittel zu benutzen $bn $2rdamedia 002E $aBand $bnc $2rdacarrier 003@ $011423986X 003O $076638384 $aOCoLC 004A $09955-439-11-4 $fkart. 006G $0968765866 006U $003,A43,1313 007A $0968765866 $aDNB 007G $0DE0207B26EC3BE696D761C12584330045D2D9 009P $qapplication/pdf $A2 $3Inhaltsverzeichnis $uhttp://scans.hebis.de/HEBCGI/show.pl?11423986_toc.pdf $mV:DE-603;B:DE-Mb50 010@ $ager $alit 011@ $a2002 $n2002 013D $REinführung $RFührer $#Conversation and phrase books $#Vocabulaires et manuels de conversation $74130010-5 $8Sprachführer [Ts1] $9085458066 017A $asf 021A $aŽodynas ir pokalbiai ; lietuviu̜-vokiečiu̜ kalbomis $h[Laima Andrikytė ; Elvyra Marcijonienė ; Sigitas Plaušinaitis] 028A $BVerfasser $#Andrikytė, L. $#Andrikytė, Lajma $4aut $7 $8Andrikytė, Laima [Tnd] $9139030999 028C $BVerfasser $#Marcijonienė, E. $4aut $7 $8Marcijonienė, Elvyra [Tnd] $9139107827 028C $BVerfasser $4aut $7 $8Plaušinaitis, Sigitas [Tnd] $9139117903 033A $pVilnius $nKnygu̜ Spektras 034D $a385 Seiten 034I $a17 cm 041A/80 $i11.1c 041A/90 $hXA-DE $hXA-LT 044K $qDNB $RSüdgermanische Sprachen $#German language $#Allemand (langue) $#Neuhochdeutsch $#Deutsche Sprache $#Hochdeutsch $74113292-0 $8Deutsch [Tsz] $9085334081 044K $qDNB $#Languages, Modern $#Langues vivantes $#Lingue straniere $#Fremdsprache $#Fremdsprache $#Zweitsprache $74018424-9 $8Fremdsprache [Ts1] $9085043575 044K $qDNB $RLitauerin $#Lithuanians $#Lituaniens $#Litauer $#Litauer $74035937-2 $8Litauer [Ts1] $9085097071 045E $a53 045F $a400 $eDDC23BSB 045F/01 $a400 045F/03 $g4793 lok: 11423986 24 101B $013-10-03 $t10:58:18.000 101C $013-10-03 145Z/01 $a45 10 B 145Z/02 $a45 10 C 101U $0utf8 exp: 11423986 24 1 #EPN 201B/01 $013-10-03 $t10:58:18.000 201C/01 $013-10-03 203@/01 $0189110481 208@/01 $a13-10-03 $bz 209A/01 $a03.3771 $du $f050 $h03 3771 $x00 209C/01 $a03.3771 T $h03 3771 T 209G/01 $a70473992 $x00 247C/01 $8358050-7Marburg, Bibliothek des Herder-Instituts Marburg $9102600961 201U/01 $0utf8
| LEADER | 00000cam a2200000 c 4500 | ||
|---|---|---|---|
| 001 | 11423986X | ||
| 003 | DE-603 | ||
| 005 | 20241212161633.0 | ||
| 007 | tu | ||
| 008 | 031009s2002 xx |||| | u00||u|ger | ||
| 015 | |a 03,A43,1313 |2 dnb | ||
| 016 | 7 | |2 DE-101 |a 968765866 | |
| 020 | |a 9955439114 |c kart. | ||
| 035 | |a (DE-599)DNB968765866 | ||
| 035 | |a (OCoLC)76638384 | ||
| 040 | |a DE-603 |b ger |c DE-603 |d DE-603 | ||
| 041 | |a ger |a lit | ||
| 043 | |c XA-DE |c XA-LT | ||
| 082 | 0 | 4 | |8 1\u |a 400 |q DE-101 |2 23/BSB |
| 084 | |a 53 |q DE-101 |2 sdnb | ||
| 084 | |a 11.1c |q DE-101 |2 sdnb | ||
| 085 | |8 1\u |b 400 | ||
| 085 | |8 1\u |z 2 |s 4793 | ||
| 090 | |a b | ||
| 100 | 1 | |a Andrikytė, Laima |e Verfasser |4 aut |0 (DE-603)139030999 | |
| 245 | 0 | 0 | |a Žodynas ir pokalbiai ; lietuviu̜-vokiečiu̜ kalbomis |c [Laima Andrikytė ; Elvyra Marcijonienė ; Sigitas Plaušinaitis] |
| 264 | 1 | |a Vilnius |b Knygu̜ Spektras |c 2002 | |
| 300 | |a 385 Seiten |c 17 cm | ||
| 336 | |a Text |b txt |2 rdacontent | ||
| 337 | |a ohne Hilfsmittel zu benutzen |b n |2 rdamedia | ||
| 338 | |a Band |b nc |2 rdacarrier | ||
| 650 | 7 | |a Deutsch |0 (DE-588)4113292-0 |0 (DE-603)085334081 |2 gnd | |
| 650 | 7 | |a Fremdsprache |0 (DE-588)4018424-9 |0 (DE-603)085043575 |2 gnd | |
| 650 | 7 | |a Litauer |0 (DE-588)4035937-2 |0 (DE-603)085097071 |2 gnd | |
| 655 | 7 | |a Sprachführer |2 gnd-content |0 (DE-588)4130010-5 |0 (DE-603)085458066 | |
| 700 | 1 | |a Marcijonienė, Elvyra |e Verfasser |4 aut |0 (DE-603)139107827 | |
| 700 | 1 | |a Plaušinaitis, Sigitas |e Verfasser |4 aut |0 (DE-603)139117903 | |
| 856 | 4 | 2 | |m V:DE-603;B:DE-Mb50 |q application/pdf |u http://scans.hebis.de/HEBCGI/show.pl?11423986_toc.pdf |3 Inhaltsverzeichnis |
| 924 | 0 | |9 Mb 50 |a (DE-603)189110481 |b DE-Mb50 |c HES |d c |g 03.3771 | |


